Welcome to the Holygrace Academy Library

Please use search bar below to get started

CLASS 11, MATHEMATICS (Record no. 6870)

MARC details
000 -LEADER
fixed length control field 00286nam a22001217a 4500
020 ## - INTERNATIONAL STANDARD BOOK NUMBER
ISBN 9789356349229
082 ## - DEWEY DECIMAL CLASSIFICATION NUMBER
Classification number 510
Item number OSW/M
245 ## - TITLE STATEMENT
Title CLASS 11, MATHEMATICS
Remainder of title CBSE QUESTION BANK
260 ## - PUBLICATION, DISTRIBUTION, ETC. (IMPRINT)
Place of publication AGRA
Name of publisher OSWAAL BOOKS
300 ## - PHYSICAL DESCRIPTION
Number of Pages 400
650 ## - SUBJECT ADDED ENTRY--TOPICAL TERM
Topical Term CLASS XI, MATHEMATICS
Geographic subdivision U P
942 ## - ADDED ENTRY ELEMENTS (KOHA)
Koha item type Books
Holdings
Withdrawn status Lost status Collection code Home library Current library Shelving location Date acquired Source of acquisition Cost, normal purchase price Full call number Accession Number Koha item type
    Reference Main Library Main Library NEW SHELF WITH NEW ENTRY 27/09/2023 PUCHASE 599.00 510 OSW/M 12882 Books